| 000 | 08200nam a22005657a 4500 | ||
|---|---|---|---|
| 005 | 20120105171323.0 | ||
| 010 | _aB-475039-068 | ||
| 020 |
_a9789380186474 _c175.00 |
||
| 035 | _aB-475039-068 | ||
| 037 | _bब्लूबेरी बुक्स | ||
| 082 | _aक | ||
| 100 |
_aश्रुति _950516 |
||
| 245 |
_aशौर्य और बलिदान की कहानियाँ / _cश्रुति |
||
| 260 |
_aनई दिल्ली _bविद्या विहार _c2011 |
||
| 270 |
_a1660, Kucha Dakhaniray, Dariyaganj _bNew Delhi _e110002 |
||
| 300 |
_a96पृ. _bसचित्र _c24सेमी (सजिल्द) |
||
| 942 |
_2ddc _cCH _hक _mश्रुतिशौ |
||
| 999 |
_c60398 _d60398 |
||